Michigan City Nicknames - Statistics

General Stats
  • This quiz has been taken 507 times
  • The average score is 9 of 13
Answer Stats
Nickname City % Correct
The Motor City Detroit
99%
Ann Arbor
89%
Cherry Capital of the World Traverse City
87%
Cereal City Battle Creek
82%
Ypsitucky Ypsilanti
82%
Tulip City Holland
80%
The Soo Sault Ste. Marie
78%
Furniture City Grand Rapids
75%
Little Bavaria Frankenmuth
63%
The Vehicle City Flint
62%
Celery City Kalamazoo
48%
Birthplace of the Republican Party Jackson
42%
Baby Food Capital of the World Fremont
27%
No matching quizzes found
Score Distribution
Percent of People with Each Score
Percentile by Number Answered
Your Score History
You have not taken this quiz